|
|
|
|
| LEADER |
00000nam0a2200000 4500 |
| 001 |
289226 |
| 005 |
20231102000152.0 |
| 035 |
|
|
|a (RuTPU)RU\TPU\book\313731
|
| 090 |
|
|
|a 289226
|
| 100 |
|
|
|a 20150331d1954 km y0rusy50 ca
|
| 101 |
0 |
|
|a rus
|
| 102 |
|
|
|a RU
|
| 105 |
|
|
|a a z 001zy
|
| 200 |
1 |
|
|a Регулирование гидротурбин
|f Ю. Е. Гаркави, М. И. Смирнов
|
| 210 |
|
|
|a Москва
|a Ленинград
|c Машгиз
|d 1954
|
| 215 |
|
|
|a 347 с.
|c ил.
|
| 320 |
|
|
|a Библиогр.: с. 344.
|
| 606 |
1 |
|
|a Гидротурбины
|x Регуляторы скорости автоматические
|2 stltpush
|3 (RuTPU)RU\TPU\subj\7057
|9 34794
|
| 610 |
1 |
|
|a характеристика
|
| 610 |
1 |
|
|a схемы
|
| 610 |
1 |
|
|a конструкции
|
| 610 |
1 |
|
|a маслонапорные установки
|
| 610 |
1 |
|
|a системы регулирования
|
| 610 |
1 |
|
|a колебания
|
| 610 |
1 |
|
|a испытания
|
| 675 |
|
|
|a 621.224-5
|v 3
|
| 700 |
|
1 |
|a Гаркави
|b Ю. Е.
|
| 701 |
|
1 |
|a Смирнов
|b М. И.
|
| 801 |
|
1 |
|a RU
|b 63413507
|c 20150331
|
| 801 |
|
2 |
|a RU
|b 63413507
|c 20150818
|g RCR
|
| 942 |
|
|
|c BK
|